الإعلام الإذاعي و التليفزيوني / (رقم التسجيلة. 208)

تفاصيل مارك
000 -LEADER
fixed length control field 00493nam a22001697a 4500
005 - DATE AND TIME OF LATEST TRANSACTION
control field 20251108163335.0
008 - FIXED-LENGTH DATA ELEMENTS--GENERAL INFORMATION
fixed length control field 250721s1979 xx 000 0 ara d
082 14 - DEWEY DECIMAL CLASSIFICATION NUMBER
Classification number 001.5/ابر
100 1# - MAIN ENTRY--PERSONAL NAME
Personal name إمام، إبراهيم
245 10 - TITLE STATEMENT
Title الإعلام الإذاعي و التليفزيوني /
264 1# - PRODUCTION, PUBLICATION, DISTRIBUTION, MANUFACTURE, AND COPYRIGHT NOTICE
Place of production, publication, distribution, manufacture القاهرة :
Name of producer, publisher, distributor, manufacturer دار الفكر العربي،
Date of production, publication, distribution, manufacture, or copyright notice 1979.
300 ## - PHYSICAL DESCRIPTION
Extent 295ص.
650 17 - SUBJECT ADDED ENTRY--TOPICAL TERM
Topical term or geographic name as entry element الإعلام
650 17 - SUBJECT ADDED ENTRY--TOPICAL TERM
Topical term or geographic name as entry element وسائل الإتصال
942 ## - ADDED ENTRY ELEMENTS (KOHA)
Source of classification or shelving scheme Dewey Decimal Classification
Koha item type كتب
المقتنيات
حالة السحب حالة الفقدان مصدر التصنيف حالة التلف غير قابل للإعارة المكتبة الرئيسية المكتبة الحالية موقع الرف تاريخ التزويد الرقم المتسلسل Total Checkouts رقم الإستدعاء تاريخ آخر ظهور تاريخ الفاتورة نوع المادة (كوها) الباركود
    Dewey Decimal Classification Unchecked   مكتبة أم قصير والمقابلين العامة مكتبة أم قصير والمقابلين العامة الإعارة 06/07/2004 2356   001.5/ابر 28/07/2025 06/07/2004 كتب  
    Dewey Decimal Classification     مكتبة وادي السير العامة مكتبة وادي السير العامة الإعارة 23/03/2016 [2903.]   001.5/ابر 28/07/2025 23/03/2016 كتب PLD00381996
Implemented & Customized by: BBB with SCIT (Smart Chains for Information Technology)

Powered by Koha